000 00653nam a2200181 i 4500
001 26822
003 ES-MaACL
005 20230906153516.0
007 t|
008 030110s1939 sp ||||1| spa d
100 1 _aAverroes.
_924027
245 1 0 _aQuitab El Culiat
_b: (libro de las generalidades) /
_cpor Averroes ; prólogo con estudio crítico del autor por Alfredo Bustani.
260 _aLarache :
_b[s.n.,
_c1939] (
_fArtes Gráficas Boscá)
300 _a283 p., 114 lám ;
_c27 cm.
700 1 _aBustani, Alfredo.
_932888
710 2 _aInstituto General Franco de Estudios e Investigación Hispano-Árabe.
_9149197
852 _aES-MaACL
_jF-15050
999 _c26822
_d26822